ბათუმის შოთა რუსთაველის სახელმწიფო უნივერსიტეტის ბიბლიოთეკა

Преобразования плоскости. (ბიბ.ჩანაწერი № 47937)

000 -LEADER
fixed length control field 00603nam a2200205Ia 4500
001 - CONTROL NUMBER
control field 14814
003 - CONTROL NUMBER IDENTIFIER
control field GE_BSU
008 - FIXED-LENGTH DATA ELEMENTS--GENERAL INFORMATION
fixed length control field 181216s||||||||xx |||||||||||||| ||und||
040 ## - CATALOGING SOURCE
Transcribing agency GE_BSU
080 ## - UNIVERSAL DECIMAL CLASSIFICATION NUMBER
Universal Decimal Classification number 514(075.8)
100 ## - MAIN ENTRY--PERSONAL NAME
Personal name Аргунов, Б.И.
245 ## - TITLE STATEMENT
Title Преобразования плоскости.
245 ## - TITLE STATEMENT
Remainder of title Учебное пособие для студ.-заочн. пед. ин-тов
260 ## - PUBLICATION, DISTRIBUTION, ETC.
Place of publication, distribution, etc. Москва
260 ## - PUBLICATION, DISTRIBUTION, ETC.
Name of publisher, distributor, etc. Просвещение.
260 ## - PUBLICATION, DISTRIBUTION, ETC.
Date of publication, distribution, etc. 1976.
300 ## - PHYSICAL DESCRIPTION
Extent 80стр.20см.
653 ## - INDEX TERM--UNCONTROLLED
Uncontrolled term Преобразования плоскости.
942 ## - ADDED ENTRY ELEMENTS (KOHA)
Koha item type წიგნი
ეგზემპლარები
Withdrawn status Lost status Damaged status Not for loan Date acquired Barcode Date last seen Price effective from Koha item type
        2018-12-17 15113 2018-12-17 2018-12-17 წიგნი
        2018-12-17 16035 2018-12-17 2018-12-17 წიგნი